[Event "Box Hill CC-ch"]
[Site "Box Hill"]
[Date "2000.05.26"]
[Round "4.34"]
[White "Mihalopoulos, Jason"]
[Black "Neymanis, Eric"]
[Result "0-1"]
[WhiteElo "828"]
[BlackElo "1499"]
[PlyCount "62"]
[EventDate "2000.??.??"]
[EventType "swiss"]
[EventRounds "9"]
[EventCountry "AUS"]
[SourceTitle "EXT 2003"]
[Source "ChessBase"]
[SourceDate "2002.11.25"]
[SourceVersion "1"]
[SourceVersionDate "2002.11.25"]
[SourceQuality "1"]

1. e4 c5 2. Nf3 Nc6 3. d4 cxd4 4. Nxd4 e6 5. Nc3 a6 6. Nxc6 bxc6 7. Bf4 Qb6 8. b3 Bb4 9. Bd2 Qd4 10. Qf3 Nf6 11. Bd3 Bxc3 12. Bxc3 Qxc3+ 13. Ke2 0-0 14. Qh3 g6 15. Qh6 d5 16. exd5 cxd5 17. g3 e5 18. f3 e4 19. fxe4 dxe4 20. Bc4 Qxc2+ 21. Ke3 Ng4+ 22. Kf4 Nxh6 23. Kg5 Qd2+ 24. Kf6 Ng4+ 25. Ke7 Qg5+ 26. Kd6 a5 27. Bd5 Ra6+ 28. Bc6 Bb7 29. Rac1 Bxc6 30. Rxc6 Qd5+ 31. Kc7 Qxc6# 0-1

[Event "Box Hill CC-ch"]
[Site "Box Hill"]
[Date "2000.05.12"]
[Round "2.27"]
[White "Lee, Melissa"]
[Black "Neymanis, Eric"]
[Result "0-1"]
[WhiteElo "1122"]
[BlackElo "1499"]
[PlyCount "46"]
[EventDate "2000.??.??"]
[EventType "swiss"]
[EventRounds "9"]
[EventCountry "AUS"]
[SourceTitle "EXT 2003"]
[Source "ChessBase"]
[SourceDate "2002.11.25"]
[SourceVersion "1"]
[SourceVersionDate "2002.11.25"]
[SourceQuality "1"]

1. e4 c5 2. Nf3 d6 3. c3 Nc6 4. d4 cxd4 5. cxd4 a6 6. Nc3 e6 7. Bf4 Be7 8. d5 Ne5 9. Bxe5 dxe5 10. dxe6 Bxe6 11. b3 Bb4 12. Qc2 Qa5 13. Rc1 Rc8 14. Ng5 Rxc3 15. Qxc3 Bxc3+ 16. Ke2 Qxa2+ 17. Kf3 Bd4 18. Nh3 Qxb3+ 19. Ke2 Qb2+ 20. Kd1 Bb3+ 21. Ke1 Qxc1+ 22. Ke2 Bd1+ 23. Kd3 Qc3# 0-1